000 01731nam0a2200397 4500
001 RU\NLR\BIBL_A\010828922
005 20250614103409.0
010 _a978-5-9710-1961-9
021 _aRU
_b2015-55559
_93285
035 _a(NILC)RuMoRGB-007985915
035 _a(NLR Aleph) 010828922
090 _a10278221
_c10278221
100 _a20150904d2015 |||y0rusy50 ca
101 0 _aeng
102 _aRU
105 _aa|||z|||000yy
200 1 _aThe International school "X-ray astronomy and particle astrophysics", 2014
_e[proceedings]
210 _aМосква
_cURSS
_cЛЕНАНД
_d2015
215 _a292 с.
_cил., цв. ил.
_d21
300 _aВ надзаг.: Летняя шк. Фонда Дмитрия Зимина "Династия"
320 _aБиблиогр. в конце ст.
606 1 _aРентгеновская астрономия
_jСъезды, совещания и т.п
_91194240
_3RU\NLR\AUTH\66164607
606 1 _aЭлементарные частицы
_jСъезды, совещания и т.п
_92081744
_3RU\NLR\AUTH\661257740
606 1 _aАстрофизика
_jСъезды, совещания и т.п
_9981325
_3RU\NLR\AUTH\6651001
675 _a524
686 1 _aВ631.6я431(0)
686 1 _aВ63я431(0)
686 1 _aВ382я431(0)
710 1 2 _7ba
_8eng
_a"X-ray astronomy and particle astrophysics", international school
_eZelenogorsk
_f2014
_9486528
_3RU\NLR\AUTH\880410406
801 0 _aRU
_bРГБ
_c20150729
_gRCR
830 _aМеждународная школа "Рентгеновская астрономия и астрофизика частиц".
942 _cBOOK
980 _aNB